Same Word, Different Movies Quiz Stats

 Plays Quiz Updated Dec 30, 2017

Challenge
Share
Tweet
Embed
Score 0/48 Timer 09:00
11 Plays Today
Word Movies % Correct
KillKill Bill
90.7%
BabyMillion Dollar Baby
87.2%
WeddingWedding Crashers
85.8%
CitySex and the City
85.6%
AmericanAmerican Pie
83.6%
AmericanAmerican Beauty
82.7%
BloodBlood Diamond
80.8%
WildWild Wild West
80.3%
WeddingThe Wedding Singer
79.2%
BloodThere Will Be Blood
78.8%
AmericanAmerican Psycho
75.6%
BadBad Teacher
75.2%
BigThe Big Lebowski
74.1%
KillTo Kill a Mockingbird
71.7%
AngelsAngels & Demons
70%
WeddingThe Wedding Planner
69.2%
Baby3 Men and a Baby
68.7%
BadThe Good, the Bad and the Ugly
67.2%
BadBad Santa
65.4%
DogDog Day Afternoon
65.1%
BloodFirst Blood
63.5%
BabyRosemary's Baby
60.6%
CitySin City
60.6%
WeddingMy Best Friend's Wedding
59.8%
Word Movies % Correct
AngelsCharlie's Angels
54.9%
AngelsCity of Angels
54%
AmericanAmerican Graffiti
53.9%
WildWild Things
50.4%
KillA View to a Kill
47.7%
ManCinderella Man
44.7%
BigMy Big Fat Greek Wedding
44.6%
BigBig Momma's House
42.4%
BabyBringing Up Baby
41%
WildInto the Wild
40.3%
KillA Time to Kill
38.5%
DogAlpha Dog
32.9%
DogWag the Dog
31.7%
BigThe Big Sleep
31.2%
CityCity Lights
31.1%
BloodBlood Simple
24.3%
ManInside Man
22.3%
WildThe Wild Bunch
21.3%
CityCity of God
20.2%
ManThe Third Man
20.2%
AngelsAngels with Dirty Faces
18.7%
ManA Single Man
17.8%
BadThe Bad News Bears
17%
DogMy Dog Skip
13.6%

You're not logged in!

Compare scores with friends on all Sporcle quizzes.
Join for Free
OR
Log In

You Might Also Like...

Show Comments

Extras

Top Quizzes Today


Score Distribution

Your Account Isn't Verified!

In order to create a playlist on Sporcle, you need to verify the email address you used during registration. Go to your Sporcle Settings to finish the process.

Report this User

Report this user for behavior that violates our Community Guidelines.

Details: